000 00352nam a22001337a 4500
008 131126b xxu||||| |||| 00| 0 eng d
020 _a0006499317
050 _aPZ3.O1285W5
100 _aO'Brian, Patrick
_93940
245 _aThe Wine-dark sea
260 _aLondon
_bHarperCollinsPublishers
_c1995
300 _a358p.;
_c20cm
942 _2lcc
_cMONOGRAPH
999 _c118708
_d118708